| Tag |
First Indicator |
Second Indicator |
Subfields |
| LEADER |
00000cam a2200000Ia 4500 |
| 001 |
in00000044063 |
| 005 |
20170328110508.0 |
| 008 |
800527s1953 onc b 000 0 eng d |
| 035 |
|
|
|a (OCoLC)ocm06360642
|
| 035 |
|
|
|a (OCoLC)06360642
|
| 035 |
|
|
|9 AAE1277AM
|
| 040 |
|
|
|a TXA
|b eng
|c TXA
|d OCLCQ
|d OCLCF
|d OCLCO
|d OCLCQ
|
| 035 |
|
|
|a (OCoLC)6360642
|
| 043 |
|
|
|a n-cn---
|
| 082 |
|
4 |
|a 557.1
|b AC212ℓ
|
| 090 |
|
|
|a QE185
|b .G455
|
| 049 |
|
|
|a TXAM
|
| 110 |
2 |
|
|a Geological Survey of Canada.
|
| 245 |
1 |
2 |
|a A list of recently published memoirs,
|b preliminary papers and maps of the Maritime Provinces.
|
| 264 |
|
1 |
|a Ottawa,
|c 1953.
|
| 300 |
|
|
|a 38 pages
|
| 336 |
|
|
|a text
|b txt
|2 rdacontent
|
| 337 |
|
|
|a unmediated
|b n
|2 rdamedia
|
| 338 |
|
|
|a volume
|b nc
|2 rdacarrier
|
| 650 |
|
0 |
|a Geology
|z Canada
|v Bibliography.
|
| 650 |
|
0 |
|a Geology
|z Maritime Provinces
|v Bibliography.
|
| 650 |
|
7 |
|a Geology.
|2 fast
|0 (OCoLC)fst00940627
|
| 651 |
|
7 |
|a Canada.
|2 fast
|0 (OCoLC)fst01204310
|
| 655 |
|
7 |
|a Bibliography.
|2 fast
|0 (OCoLC)fst01423717
|
| 994 |
|
|
|a C0
|b TXA
|
| 949 |
|
|
|a updated
|b h
|c 2017/3/28
|e coplinger
|f 11:02:13 am
|
| 999 |
f |
f |
|s c2913422-8122-3b9a-9438-dceb927847e5
|i 0b7ab836-b5a5-34c3-af9b-69a5277c0343
|t 0
|
| 952 |
f |
f |
|p ric
|a Texas A&M University
|b Rellis Campus
|c Joint Library Facility
|s JLF
|d Remote Storage
|t 0
|e QE185 .G455
|h Library of Congress classification
|i unmediated -- volume
|m A14850073595
|
| 998 |
f |
f |
|a QE185 .G455
|t 0
|l Remote Storage
|